Catálogo

FINANCIAMIENTO DEL GASTO PUBLICO (Registro nro. 7474)

Detalles MARC
000 -LEADER
fixed length control field 00412nam a2200157 a 4500
001 - CONTROL NUMBER
control field 7474
005 - DATE AND TIME OF LATEST TRANSACTION
control field 20180713191352.0
008 - FIXED-LENGTH DATA ELEMENTS--GENERAL INFORMATION
fixed length control field 140415s1988 mx 000 0 spa d
041 ## - LANGUAGE CODE
Language code of text/sound track or separate title spa
082 ## - DEWEY DECIMAL CLASSIFICATION NUMBER
Classification number 350.724
Item number FIN
245 00 - TITLE STATEMENT
Title FINANCIAMIENTO DEL GASTO PUBLICO
250 ## - EDITION STATEMENT
Edition statement 1a ed.
260 ## - PUBLICATION, DISTRIBUTION, ETC.
Place of publication, distribution, etc. MEXICO :
Name of publisher, distributor, etc. TRILLAS,
Date of publication, distribution, etc. 1988
300 ## - PHYSICAL DESCRIPTION
Extent 171
650 14 - SUBJECT ADDED ENTRY--TOPICAL TERM
Topical term or geographic name entry element ADMINISTRACION PUBLICA
General subdivision GASTOS PUBLICOS
Existencias
Withdrawn status Lost status Source of classification or shelving scheme Damaged status Not for loan Collection code Home library Current library Shelving location Date acquired Source of acquisition Inventory number Total Checkouts Full call number Barcode Date last seen Price effective from Koha item type
    Dewey Decimal Classification     General Biblioteca Karol Wojtyla Biblioteca Karol Wojtyla Sala general 03/12/2013 Compra 151000000000000000048570   350.724 FIN 20460 05/01/2026 03/12/2013 Libro